Galerie handlowe we Wrocławiu – quiz wieloktornego wyboru - Statystyki

Ogólne statystyki
  • Ten quiz został rozwiązany 69 razy
  • Średni wynik to 7 z 10
Statystyki odpowiedzi
Zagadnienie Odpowiedź % Poprawnych
Która z tych galerii jest nieczynna i obecnie trwa jej rozbiórka? Arkady
89%
Która z galerii znajduje się na terenie dawnej dzielnicy Psie Pole? CH Korona
87%
Do której z tych galerii da się wejść bezpośrednio z podziemnego przejścia dla pieszych? Galeria Dominikańska
77%
W której galerii otwarto pierwszy lokal Popeyes w Polsce? Pasaż Grunwaldzki
77%
Jakiego rodzaju węzeł komunikacyjny z podanych znajduje się najbliżej Wroclavii? Dworzec autobusowy
73%
Która z poniższych galerii znajduje się najbliżej lotniska Wrocław Strachowice? Factoria
69%
W której z tych galerii nie ma restauracji McDonald's? Renoma
61%
Która galeria we Wrocławiu ma najwięcej lokali? Magnolia
58%
W jakim polskim mieście także znajduje się galeria handlowa o nazwie Korona? Kielce
48%
W której z tych galerii nie ma Rossmanna? Galeria Dominikańska
18%
Nie znaleziono quizów pasujących do podanych kryteriów
Rozkład punktacji
Procent ludzi z każdym wynikiem
Percentyl według liczby udzielonych odpowiedzi
Twoja historia wyników
Nie rozwiązałeś tego quizu